000
00311nam a2200121Ia 4500
008
231120s2021 xx 000 0 und d
041
_a
eng
082
_a
751.422
100
_a
GEOFF KERSEY
245
_a
TAKE THREE COLOURS: WATERCOLOUR SEASCAPES
260
_a
SEARCH PRESS
_b
SEARCH PRESS
_c
2021
300
_a
P-63
999
_c
933769
_d
933769